The noble scholar, jurist, historian


 His Excellency Dr. Abdul Wahhab bin Ibrahim Abu Sulaiman, may Allah have mercy on him.


 He was born in Umm Al-Qura in the year 1356 AH.

فصل المقال فيما بين الحكمة والشريعة من الاتصال / (Record no. 13995)

MARC details
000 -LEADER
fixed length control field 01253cam a22002771i 4500
003 - CONTROL NUMBER IDENTIFIER
control field SA-RiAUC
005 - DATE AND TIME OF LATEST TRANSACTION
control field 20260112053807.0
008 - FIXED-LENGTH DATA ELEMENTS--GENERAL INFORMATION
fixed length control field 260111s1972 ua g 000 0 ara c
040 ## - CATALOGING SOURCE
Original cataloging agency SA-JeALM
Language of cataloging ara
Transcribing agency SA-RiAUC
Description conventions rda
050 #4 - LIBRARY OF CONGRESS CALL NUMBER
Item number .F32 1972
082 04 - DEWEY DECIMAL CLASSIFICATION NUMBER
Classification number 189.1
Assigning agency SA-RiAUC
090 ## - LOCALLY ASSIGNED LC-TYPE CALL NUMBER (OCLC); LOCAL CALL NUMBER (RLIN)
Classification number (OCLC) (R) ; Classification number, CALL (RLIN) (NR) 189.1
Local cutter number (OCLC) ; Book number/undivided call number, CALL (RLIN) ا ب ن ر
100 1# - MAIN ENTRY--PERSONAL NAME
Personal name ابن رشد، محمد بن أحمد (الجد)،
Dates associated with a name 450-520 هجري
Relator term مؤلف.
245 10 - TITLE STATEMENT
Title فصل المقال فيما بين الحكمة والشريعة من الاتصال /
Statement of responsibility, etc. أبو الوليد بن رشد ؛ تحقيق محمد عمارة .
264 #1 - PRODUCTION, PUBLICATION, DISTRIBUTION, MANUFACTURE, AND COPYRIGHT NOTICE
Place of production, publication, distribution, manufacture القاهرة :
Name of producer, publisher, distributor, manufacturer دار المعارف،
Date of production, publication, distribution, manufacture, or copyright notice 1972
300 ## - PHYSICAL DESCRIPTION
Extent 102 صفحة
Dimensions 24 سم.
336 ## - CONTENT TYPE
Content type term نص
Content type code txt
Source rdacontent
Materials specified كتاب
337 ## - MEDIA TYPE
Media type term بدون وسيط
Media type code n
Source rdamedia
490 ## - SERIES STATEMENT
Series statement ذخائر العرب
Volume/sequential designation 47
650 #7 - SUBJECT ADDED ENTRY--TOPICAL TERM
Topical term or geographic name entry element فلسفة ابن رشد
Source of heading or term aucsh
650 #7 - SUBJECT ADDED ENTRY--TOPICAL TERM
Topical term or geographic name entry element الفلسفة الإسلامية
Source of heading or term aucsh
700 1# - ADDED ENTRY--PERSONAL NAME
Personal name عمارة، محمد،
Dates associated with a name 1931-2020
Relator term محقق.
700 12 - ADDED ENTRY--PERSONAL NAME
Relationship information تحقيق لـ :
Personal name ابن رشد، محمد بن أحمد (الجد)،
Dates associated with a name 450-520 هجري.
Title of a work فصل المقال فيما بين الحكمة والشريعة من الاتصال
942 ## - ADDED ENTRY ELEMENTS (KOHA)
Source of classification or shelving scheme Dewey Decimal Classification
Koha item type Books
Suppress in OPAC No
949 ## - LOCAL PROCESSING INFORMATION (OCLC)
a SA-JeALM
d 260111
u osman123
n 1
Holdings
Withdrawn status Lost status Source of classification or shelving scheme Damaged status Not for loan Home library Current library Date acquired Total checkouts Full call number Barcode Date last seen Price effective from Koha item type
    Dewey Decimal Classification     DR AbdElwahab Library DR AbdElwahab Library 01/12/2026   189.1 ا ب ن ر 000022401 01/12/2026 01/12/2026 Books